The valley of Kashmir / (Record no. 160628)

MARC details
000 -LEADER
fixed length control field 00500nam a22001697a 4500
005 - DATE AND TIME OF LATEST TRANSACTION
control field 20190206163322.0
010 ## - LCCN (DPL NO)
LC control number B-162380
020 ## - INTERNATIONAL STANDARD BOOK NUMBER
International Standard Book Number 8120616308
Terms of availability 1195.00
035 ## - SYSTEM CONTROL NUMBER
System control number B-162380
037 ## - SOURCE OF ACQUISITION
Source of stock number/acquisition Asian Education Services
082 ## - DEWEY DECIMAL CLASSIFICATION NUMBER
Classification number 954.11
100 ## - MAIN ENTRY--PERSONAL NAME
Personal name Lawrence, Walter R.
245 ## - TITLE STATEMENT
Title The valley of Kashmir /
Statement of responsibility, etc Walter R. Lawrnce
260 ## - PUBLICATION, DISTRIBUTION, ETC. (IMPRINT)
Place of publication, distribution, etc New Delhi
Name of publisher, distributor, etc Asian Education Services
Date of publication, distribution, etc 2005
300 ## - PHYSICAL DESCRIPTION
Extent 478p.( it include index.)
Dimensions 25cm(hbk)
942 ## - ADDED ENTRY ELEMENTS (KOHA)
Source of classification or shelving scheme Dewey Decimal Classification
Item type English Books
Classification part 954.11
Call number suffix LAW
Holdings
Withdrawn status Lost status Not for loan Collection code Home library Current library Date acquired Full call number Barcode Koha item type
      Non-fiction Sarojini Nagar Sarojini Nagar 06/02/2019 954.11 LAW B-162380 English Books

© Delhi Public Library
Hit Counter
free hit counter